000
00327nam a2200121Ia 4500
008
241028s9999 xx 000 0 und d
041
_a
eng
082
_a
338.5 DAN
100
_a
Cecilia Danton
245
_a
Fundamentals Of Microeconomics
260
_b
Murphy & Moore Publishing
_a
United Kingdom
_c
2021
300
_a
236;. P. 25 cm
999
_c
42803
_d
42803